000 00480nam a2200169Ia 4500
003 GCL
008 140319s9999 xx 000 0 ara d
040 _aGCL /
_cGCL
082 0 4 _aم
_b332.103
_bا م
100 1 _aاحمد زكى بدوى
245 1 0 _aمعجم المصطلحات التجارية والتعاونية /
_cاحمد زكى بدوى
300 _a302 ص
650 0 4 _aالتجارة
650 0 4 _aالمعاجم
650 0 4 _aالتعاون
942 _2ddc
_cREF
999 _c59655
_d59655